| 000 | 00786cam a22002531 4500 | ||
|---|---|---|---|
| 001 | sa 68006542 | ||
| 003 | DLC | ||
| 005 | 20260227112517.0 | ||
| 008 | 890801s1966 ii 000 0 hino | ||
| 010 | _asa 68006542 | ||
| 035 | _a(OCoLC)20110074 | ||
| 040 |
_aDLC _cWaU _dDLC |
||
| 042 | _apremarc | ||
| 050 | 0 | 0 |
_aPK575 _b.S5 |
| 100 | 1 | _aSircar, M. K. | |
| 245 | 1 | 0 |
_aVyākaraṇa-pradīpaḥ. _bSanskrit-grammar and composition made easy. _cBy M.K. Sircar & Sant Gokal Chandra. |
| 260 | _c1966. | ||
| 300 |
_a15, 608 p. _c19 cm. |
||
| 500 | _aIn Hindi; pref. in English. | ||
| 650 | 0 |
_aSanskrit language _xGrammar. |
|
| 650 | 0 |
_aSanskrit language _xComposition and exercises. |
|
| 700 | 1 |
_aSant, Gokal Chandra, _d1886- |
|
| 740 | 0 | _aSanskrit-grammar and composition made easy. | |
| 999 |
_c81370 _d81370 |
||